• 首页
  • 本馆介绍
  • 公告通知
  • 最新文献
  • 馆藏检索
  • 电子资源
  • 读者导购
  • 参考咨询
  • 我的图书馆
  • 登录
  • 详细信息显示
  • 放入我的书架
  • 预约/预借图书
  • 作者相关作品
  • 分类相关作品
  • 丛书相关作品
  • 出版社相关作品

书目信息

  • 表格格式
  • 工作单格式
  • 卡片格式
题名:
外贸英语语句汇编
    
 
作者: 伊辉春 主编
分册:  
出版信息: 北京   化学工业出版社  2017
页数: 171页
开本: 24cm
丛书名:
单 册:
中图分类: F75 , H313.3
科图分类:
主题词: 对外贸易--英语--语句
电子资源:
ISBN: 978-7-122-29900-0
000 00909nam0 2200253 450
001 012001000644
005 20140920091302.0
010    @a978-7-122-29900-0@dCNY35.00
100    @a20170905d2017 em y0chiy50 ea
101 0  @achi@aeng
102    @aCN@b110000
105    @ak z 000yy
106    @ar
200 1  @a外贸英语语句汇编@9Wai Mao Ying Yu Yu Ju Hui Bian@dEnglish for business correspondence@f伊辉春主编@zeng
210    @a北京@c化学工业出版社@d2017
215    @a171页@d24cm
330    @a全书共收集整理语句近2000条,数量多、种类全、规范通用。全书依据语句的意向共分为13个单元,每个单元分为若干个动词组,每个动词组内又依据买卖方和议题的不同进行了细分。
510 1  @aEnglish for business correspondence@zeng
606 0  @a对外贸易@x英语@x语句
690    @aF75@v5
690    @aH313.3@v5
701  0 @a伊辉春@9Yi Hui Chun@4主编
801  0 @aCN@b上海新华@c20180901
905    @b1155175-79@dF75@e59@f5
    
    外贸英语语句汇编=English for business correspondence/伊辉春主编.-北京:化学工业出版社,2017
    171页;24cm
    
    
    ISBN 978-7-122-29900-0:CNY35.00
    全书共收集整理语句近2000条,数量多、种类全、规范通用。全书依据语句的意向共分为13个单元,每个单元分为若干个动词组,每个动词组内又依据买卖方和议题的不同进行了细分。
●
相关链接 在E读中查询图书 在五车中查询图书 在当当中查询图书 在豆瓣中查询图书


正题名:外贸英语语句汇编     索取号:F75/59         预约/预借

序号 登录号 条形码 馆藏地/架位号 状态 备注
1 1155175   211551756   第一样本阅览室/ [索取号:F75/59] 在馆    
2 1155176   211551765   第一借阅区/ [索取号:F75/59] 在馆    
3 1155177   211551774   第一借阅区/ [索取号:F75/59] 在馆    
4 1155178   211551783   第一借阅区/ [索取号:F75/59] 在馆    
5 1155179   211551792   经管系资料室/ [索取号:F75/59] 在馆    
唐山师范学院图书馆 欢迎您!
大连网信软件有限公司© 版权所有